The United States and Iran (E-BOOK) (Record no. 192883)

000 -LEADER
fixed length control field 01662 a2200481 4500
003 - CONTROL NUMBER IDENTIFIER
control field Nust
005 - DATE AND TIME OF LATEST TRANSACTION
control field 20170207154046.0
010 ## - LIBRARY OF CONGRESS CONTROL NUMBER
LC control number 2007037625
020 ## - INTERNATIONAL STANDARD BOOK NUMBER
International Standard Book Number 0-203-94620-0 (pbk.) :
020 ## - INTERNATIONAL STANDARD BOOK NUMBER
International Standard Book Number 0-415-77396-2 (hbk.) :
020 ## - INTERNATIONAL STANDARD BOOK NUMBER
International Standard Book Number 978-0-203-94620-6 (pbk.) :
020 ## - INTERNATIONAL STANDARD BOOK NUMBER
International Standard Book Number 978-0-415-77396-6 (hbk.) :
035 ## - SYSTEM CONTROL NUMBER
System control number (Uk)014477922
035 ## - SYSTEM CONTROL NUMBER
System control number DAW10493831
040 ## - CATALOGING SOURCE
Transcribing agency Nust
082 00 - DEWEY DECIMAL CLASSIFICATION NUMBER
Classification number 327.73055
100 1# - MAIN ENTRY--PERSONAL NAME
Personal name Fayazmanesh, Sasan,
245 14 - TITLE STATEMENT
Title The United States and Iran (E-BOOK)
Remainder of title sanctions, wars, and the policy of dual containment /
Statement of responsibility, etc. Sasan Fayazmanesh
260 ## - PUBLICATION, DISTRIBUTION, ETC.
Place of publication, distribution, etc. London :
Name of publisher, distributor, etc. Routledge,
Date of publication, distribution, etc. 2008
300 ## - PHYSICAL DESCRIPTION
Extent vii, 264 p. ;
Dimensions 24 cm.
490 1# - SERIES STATEMENT
Series statement Routledge studies in Middle Eastern politics ;
Volume/sequential designation 7
610 20 - SUBJECT ADDED ENTRY--CORPORATE NAME
Corporate name or jurisdiction name as entry element United Nations
General subdivision Sanctions
650 #7 - SUBJECT ADDED ENTRY--TOPICAL TERM
Topical term or geographic name entry element FN
650 #7 - SUBJECT ADDED ENTRY--TOPICAL TERM
Topical term or geographic name entry element Foreign policy
650 #7 - SUBJECT ADDED ENTRY--TOPICAL TERM
Topical term or geographic name entry element Iran
650 #7 - SUBJECT ADDED ENTRY--TOPICAL TERM
Topical term or geographic name entry element UN
650 #7 - SUBJECT ADDED ENTRY--TOPICAL TERM
Topical term or geographic name entry element USA
650 #7 - SUBJECT ADDED ENTRY--TOPICAL TERM
Topical term or geographic name entry element Utrikespolitik
650 #7 - SUBJECT ADDED ENTRY--TOPICAL TERM
Topical term or geographic name entry element Utrikespolitik
Geographic subdivision F?ta staterna
651 #7 - SUBJECT ADDED ENTRY--GEOGRAPHIC NAME
Geographic name F?ta staterna
General subdivision diplomatiska f?ndelser
Geographic subdivision Iran
651 #7 - SUBJECT ADDED ENTRY--GEOGRAPHIC NAME
Geographic name Iran
General subdivision diplomatiska f?ndelser
Geographic subdivision F?ta staterna
651 #7 - SUBJECT ADDED ENTRY--GEOGRAPHIC NAME
Geographic name Iran
General subdivision Foreign relations
Geographic subdivision Israel
651 #7 - SUBJECT ADDED ENTRY--GEOGRAPHIC NAME
Geographic name Iran
General subdivision Foreign relations
Geographic subdivision United States
651 #7 - SUBJECT ADDED ENTRY--GEOGRAPHIC NAME
Geographic name Iran
General subdivision relationer
Geographic subdivision F?ta staterna
651 #7 - SUBJECT ADDED ENTRY--GEOGRAPHIC NAME
Geographic name Iraq
General subdivision Foreign relations
Geographic subdivision United States
651 #7 - SUBJECT ADDED ENTRY--GEOGRAPHIC NAME
Geographic name Israel
General subdivision Foreign relations
Geographic subdivision Iran
651 #7 - SUBJECT ADDED ENTRY--GEOGRAPHIC NAME
Geographic name Israel
General subdivision Foreign relations
Geographic subdivision United States
651 #7 - SUBJECT ADDED ENTRY--GEOGRAPHIC NAME
Geographic name The United States and Iran (E-BOOK)
General subdivision relationer
Geographic subdivision Iran
651 #7 - SUBJECT ADDED ENTRY--GEOGRAPHIC NAME
Geographic name United States
General subdivision Foreign relations
Geographic subdivision Iran
651 #7 - SUBJECT ADDED ENTRY--GEOGRAPHIC NAME
Geographic name United States
General subdivision Foreign relations
Geographic subdivision Iraq
651 #7 - SUBJECT ADDED ENTRY--GEOGRAPHIC NAME
Geographic name United States
General subdivision Foreign relations
Geographic subdivision Israel
830 #0 - SERIES ADDED ENTRY--UNIFORM TITLE
Uniform title Routledge studies in Middle Eastern politics ;
942 ## - ADDED ENTRY ELEMENTS (KOHA)
Source of classification or shelving scheme
Koha item type Book
Holdings
Withdrawn status Lost status Source of classification or shelving scheme Damaged status Not for loan Collection code Permanent Location Current Location Date acquired Total Checkouts Full call number Barcode Date last seen Price effective from Koha item type
            Military College of Signals (MCS) Military College of Signals (MCS) 12/12/2016   327.73055 FAY MCSEB-2384 12/08/2016 12/12/2016 Book
© 2023 Central Library, National University of Sciences and Technology. All Rights Reserved.